Fortnite Chapter 4 Skins - Statistics

General Stats
  • This quiz has been taken 4 times
  • The average score is 52 of 232
Answer Stats
Hint Answer % Correct
Dusty
100%
Imani
100%
Nezumi
100%
Rift Knight Kieran
100%
Selene
100%
The Ageless
100%
Adonis Creed
50%
Ahsoka's Clone Trooper
50%
Ahsoka Tano
50%
Alan Wake
50%
All Might
50%
Anakin Skywalker
50%
Antonia
50%
Arctic Adeline
50%
Battlebus
50%
Brite Hunter
50%
Bumblebee
50%
Captain Levi
50%
Championship Aura
50%
Championship Jonesy
50%
Clone Trooper
50%
Coruscant Guard
50%
Dahlia
50%
Darth Maul
50%
Doom Slayer
50%
Drakon Steel Hybrid
50%
Eijiro Kirishima
50%
Eleven
50%
Era
50%
Eren Jaeger
50%
Fishdrift
50%
Fish Thicc
50%
Flakes Power
50%
FNCS Renegade
50%
Geralt Of Rivia
50%
Goku Black
50%
Haxsaur
50%
Helsie
50%
Highwire
50%
Hulk
50%
Innovator Slone
50%
Izuku Midoriya
50%
Jack Skellington
50%
Kado Thorne
50%
Katsuki Bakugo
50%
Khaby Lame
50%
Launch Day Lewis Hamilton
50%
Lewis Hamilton
50%
Lil Split
50%
Lorenzo
50%
Mae
50%
Mariposa
50%
Massai
50%
Megatron
50%
Megumi Fushiguro
50%
Michael Myers
50%
Mikasa Ackerman
50%
Mina Ashido
50%
Mizuki
50%
MrBeast
50%
MrBeast6000
50%
Mystica
50%
Nolan Chance
50%
Omegarok
50%
Optimus Primal
50%
Optimus Prime
50%
Padme Amidala
50%
Phantom Meowscles
50%
Piccolo
50%
Piper Pace
50%
Prince Orin
50%
Princess Lexa
50%
Purradise Meowscles
50%
Rap Boy
50%
Raven Team Leader
50%
Relik
50%
Renegade Lynx
50%
Renzo The Destroyer
50%
Rian
50%
Rift Strider Drift
50%
Satoru Gojo
50%
Saura
50%
Shimmerdusk
50%
Shoto Todoroki
50%
Skulldrifter
50%
Skull Scout
50%
Slim Shady
50%
Son Gohan
50%
Spectra Knight
50%
Stray
50%
Styx
50%
Sylvie
50%
Thunder
50%
Trace
50%
Triarch Nox
50%
Wolf Pack Trooper
50%
Yuji Itadori
50%
212th Battalion Trooper
0%
501st Trooper
0%
Ace Academic
0%
Agency Ace
0%
Airie
0%
Alias
0%
Ani Konda
0%
Aniyah
0%
Astrea
0%
Atom Eve
0%
Axion Sentinel
0%
Barrett
0%
Becky Lynch
0%
Bender Bending Rodriguez
0%
Bianca Belair
0%
Birch
0%
Bogstick
0%
Breezabelle
0%
Britestar
0%
Brix Barton
0%
Caper
0%
Captain America (Sam Wilson)
0%
Captain Hypatia
0%
Champion Kyra
0%
Chaos Explorer
0%
Chase
0%
Ciri
0%
Claire Redfield
0%
Clip
0%
Combat Tech Jules
0%
Convergence Captain
0%
Core Knight Talus
0%
Cosmic Infinity
0%
Countess Daraku
0%
Court Queen Erisa
0%
Craggy Champion
0%
Crossheart
0%
Culture Club Commander
0%
Desert Dawn Lyric
0%
Designer Tsuki
0%
Drop Dee
0%
Drosera
0%
Elite Striker Sephira
0%
Endless Ned
0%
Festival Lace
0%
Festival Phaedra
0%
Folly
0%
Formal Lucien West
0%
Frenzied Fighter
0%
Galaxy Crossfade
0%
Giannis Antetokounmpo
0%
Gildhart
0%
Gold Blooded Ace
0%
Graveheart
0%
Guff Gringle
0%
Hana
0%
Harmony Lee
0%
Heartbreak Ranger
0%
Holly Hero
0%
Hoplite Giannis
0%
Huntress Helsie
0%
Invincible
0%
Isaac Clarke
0%
Jamila
0%
J Balvin Redux
0%
Jittershock
0%
Joni The Scarlet
0%
Keleritas
0%
Kimiko Five-Tails
0%
Koi Agent Chigusa
0%
Koi Brawler Zero
0%
Koi Striker Envoy
0%
Leon S. Kennedy
0%
Lucien West
0%
Lumi Jellie
0%
Marshall Never More
0%
Maxxed out Max
0%
Midterm Maverick
0%
Miss Bunny Penny
0%
Misty Mercenary
0%
Nobara Kugisaki
0%
Nord Warrior
0%
Ochaco Urakaka
0%
Oleander
0%
Omni-Man
0%
Opal
0%
Paxton Price
0%
Philip J. Fry
0%
Pincera
0%
Prefect Patroller
0%
Razor Rae
0%
Rebel Rival
0%
Redcap
0%
Renegade Runner
0%
Retro Zoe Clash
0%
Rift Warden Stellan
0%
Rogue Gunner
0%
Rogue Navigator
0%
Runway Racer
0%
Sandy scout
0%
Serenade
0%
Seth
0%
Sid Obsidian
0%
Sled Ready Guff
0%
Slurp Soldier
0%
Snowdancer
0%
Spider-Man 2099
0%
Spider-Man (Miles Morales)
0%
Spire Spy
0%
Sporty Skirmisher
0%
Stealthy Surveyor
0%
Streetwear Yuji Itadori
0%
Striker Senpai
0%
Studious Scout
0%
Subzero Cryptic
0%
Sunset Alto
0%
Swamp Knight
0%
Tegan
0%
Terminator
0%
The Dealer
0%
The Kid Laroi
0%
The Rogue Laroi
0%
Tigress
0%
Triarch Aurora
0%
Turanga Leela
0%
Underworld Desdemona
0%
Varsity Vanguard
0%
Verity
0%
Victory Valedictorian
0%
Vikora
0%
Vivi Chroma
0%
Fortnite Volpez
0%
Wendell
0%
Winter Wonder Skye
0%
Yennifer Of Vengerberg
0%
No matching quizzes found
Score Distribution
Percent of People with Each Score
Percentile by Number Answered
Your Score History
You have not taken this quiz